This means war: Trump vs Xi trade war - Statistics

General Stats
  • This quiz has been taken 22 times
  • The average score is 10 of 20
Answer Stats
Hint Answer % Correct
US tariffs damage 10. Japan
88%
The most affected by Chinese tariffs on US goods via supply chains Canada
81%
Chinese tariffs damage 7. Taiwan
81%
The most affected by US tariffs on Chinese goods via supply chains Taiwan
81%
Chinese tariffs damage 2. Mexico
75%
US tariffs damage 4. South Korea
69%
US tariffs damage 9. Philippines
56%
Chinese tariffs damage 6. Singapore
56%
US tariffs damage 3. Singapore
56%
US tariffs damage 8. Thailand
56%
US tariffs damage 2. Malaysia
50%
Chinese tariffs damage 4. Saudi Arabia
50%
US tariffs damage 7. Saudi Arabia
50%
Chinese tariffs damage 8. Chile
38%
US tariffs damage 6. Chile
38%
Chinese tariffs damage 3. Colombia
31%
Chinese tariffs damage 5, Ireland
25%
US tariffs damage 5. Hong Kong
19%
Chinese tariffs damage 10. Costa Rica
13%
Chinese tariffs damage 9. Switzerland
13%
No matching quizzes found
Score Distribution
Percent of People with Each Score
Percentile by Number Answered
Your Score History
You have not taken this quiz